Carregant...

Prabhā Khetāna ke sāhitya meṃ nārī vimarśa /

Study on the depiction of women in the works of Prabhā Khetāna, Hindi authoress.

Dades bibliogràfiques
Autor principal: Tivārī, Kāminī
Format: Printed Book
Idioma:Hindi
Publicat: Kānapura : Vidyā Prakāśana, 2011.
Edició:Saṃskaraṇa 1.
Matèries:
LEADER 01416cam a2200325 a 4500
008 110322s2011 ii b 000 0 hino
010 |a  2011354440 
020 |a 8188554847 
025 |a I-H-2011354440; 12 
035 |a (IN-NdSP) 2011354440 
042 |a lcode  |a pcc 
100 1 |a Tivārī, Kāminī, 
245 1 0 |a Prabhā Khetāna ke sāhitya meṃ nārī vimarśa /  |c Kāminī Tivārī. 
250 |a Saṃskaraṇa 1. 
260 |a Kānapura :  |b Vidyā Prakāśana,  |c 2011. 
300 |a 303 p. ;  |c 22 cm. 
500 |a Criticism-Feminism 
504 |a Includes bibliographical references. 
520 |a Study on the depiction of women in the works of Prabhā Khetāna, Hindi authoress. 
546 |a In Hindi. 
650 0 |a Stree alochana 
942 |2 ddc  |c BK 
246 1 |i Title on t.p. verso:  |a Prabha Khetan ke sahitya me nari vimarsh 
246 1 7 |a Prabhā Khetāna ke sāhitya meṃ vyaktta nārī-jīvana ke vividha āyāma 
600 1 0 |a Khetāna, Prabhā  |x Criticism and interpretation. 
906 |a 7  |b cbc  |c origode  |d 3  |e ncip  |f 20  |g y-gencatlg 
955 |i wd40 2011-08-09 to ASME 
999 |c 240811  |d 240811 
952 |0 0  |1 0  |4 0  |7 0  |9 267292  |a HIN  |b HIN  |c ST1  |d 2011-10-22  |i 21870  |l 0  |p HIN21870  |r 2014-02-07  |w 2014-02-07  |y BK 
952 |0 0  |1 0  |4 0  |6 S_57  |7 0  |9 267293  |a HIN  |b HIN  |c S-57-E  |d 2014-10-01  |e The Bookshop,Publication Division,University of Calicut  |g 600.00  |i 23153  |l 0  |o S-57  |p HIN23153  |r 2014-10-01  |w 2014-10-01  |y BK